Music Quiz

Random Music or Lyrics Quiz

Figure The Lyrics III Quiz Stats

Quiz not verified by Sporcle

Challenge
Share
Tweet
Embed
Score 0/200 Timer 10:00
0 Plays Today
Lyric % Correct
the
97%
and
97%
a
97%
the
97%
a
97%
the
97%
a
97%
a
97%
a
97%
and
97%
a
97%
the
97%
a
97%
the
97%
a
97%
And
97%
you
93.2%
you,
93.2%
you.
93.2%
You
93.2%
you
93.2%
You
93.2%
you
93.2%
you
93.2%
you
93.2%
you
93.2%
you
93.2%
you
93.2%
You
93.2%
you
93.2%
you
93.2%
You
93.2%
You
93.2%
you
93.2%
to
79.3%
to
79.3%
to
79.3%
to
79.3%
to
79.3%
to
79.3%
to
79.3%
me
79.2%
me.
79.2%
be?
77.6%
be?
77.6%
it
75.6%
In
74.6%
in
74.6%
In
74.6%
do.
72.9%
do
72.9%
Do
72.9%
do
72.9%
can
71.8%
can
71.8%
what
70.3%
where
69.6%
where
69.6%
where
69.6%
where
69.6%
Are
64.5%
your
63.9%
know
62.8%
know
62.8%
of
61.2%
of
61.2%
how
60.6%
Lyric % Correct
so
60.1%
So
60.1%
So
60.1%
don't
54.9%
don't
54.9%
don't
54.9%
will
54.7%
will
54.7%
you're
54.4%
you're
54.4%
can't,
50.3%
can't
50.3%
can't
50.3%
can't
50.3%
going
48.7%
going
48.7%
see.
47.6%
like
47.6%
like
47.6%
see.
47.6%
like
47.6%
I'm
47.2%
but
46.7%
but
46.7%
it's
40.7%
all.
39.9%
at
39.1%
or
38.6%
or
38.6%
or
38.6%
or
38.6%
or
38.6%
get
38.3%
has
37.2%
has
37.2%
been
36.9%
been
36.9%
been
36.9%
been
36.9%
up
36.4%
up
36.4%
I
34.5%
I
34.5%
i
34.5%
I
34.5%
I
34.5%
I
34.5%
I
34.5%
I
34.5%
I
34.5%
I
34.5%
Tell
33.3%
tell
33.3%
feel
32.2%
feel?
32.2%
feel
32.2%
feel
32.2%
feel
32.2%
I've
32%
take
30.3%
take
30.3%
never
29.2%
never
29.2%
you've
27.4%
Well
22.9%
any
22.7%
they're
21.3%
Lyric % Correct
they're
21.3%
song
19.1%
done.
18.5%
done.
18.5%
that's
18.1%
that's
18.1%
something
17.5%
something
17.5%
something
17.5%
something
17.5%
about
16.6%
before,
16.1%
find
15.6%
really
14.7%
through.
13.9%
talk
13.9%
talk
13.9%
talk.
13.9%
cause
13.6%
believe
12.9%
sun,
12.8%
sun,
12.8%
song
12.3%
wanna
12.1%
wanna
12.1%
wanna
12.1%
trying
11.7%
Let's
11.2%
true.
10.6%
hard
10.4%
piece?
10.3%
lost
10.1%
future
9.8%
future
9.8%
future,
9.8%
talk.
9.1%
anyone
8.4%
write
7.7%
write
7.7%
reach
7.3%
picture
7.3%
nobody
7.3%
picture
7.3%
nobody
7.3%
listen
6.9%
scared
6.5%
speak,
6.3%
climb
6%
climb
6%
Brother
5.8%
Brother
5.8%
ladder
5.7%
missing
5.7%
ladder
5.7%
sung,
5.2%
sung,
5.2%
puzzle,
5%
talking
4.7%
talking
4.7%
making
4.4%
incomplete?
3.8%
language
3.8%
sense
3.2%
nothing's
3.2%
who'll
2.5%
ignored.
2.4%

You're not logged in!

Compare scores with friends on all Sporcle quizzes.
Sign Up with Email
OR
Log In

You Might Also Like...

Show Comments

Extras

Top Quizzes Today


Score Distribution

Your Account Isn't Verified!

In order to create a playlist on Sporcle, you need to verify the email address you used during registration. Go to your Sporcle Settings to finish the process.